| 000 | 00774cab a2200229 4500 | ||
|---|---|---|---|
| 001 | WB2939-10 | ||
| 008 | 090401t1993 xxu||||| |||| 00| 0 eng d | ||
| 035 | _a(Sirsi) u53963 | ||
| 041 | _aeng | ||
| 245 | _aRogue`s charter or red tape? | ||
| 260 | _c1993 | ||
| 350 | _a0 | ||
| 490 |
_aTimes _v16 December 1993, 30(1) |
||
| 520 | _aTenants organisations are resisting a government proposal to deregulate the private rented sector of the housing market, by repealing the Accommodation Agencies Act 1953, and have called for more protection against sharp practice. | ||
| 650 | _aACCOMMODATION AGENCIES ACT 1953 | ||
| 650 | _aDEREGUALTION | ||
| 650 | _aLETTING AGENTS | ||
| 650 | _aPRIVATE RENTED SECTOR | ||
| 690 | _aHOUSING | ||
| 942 | _n0 | ||
| 948 | _c04/03/1997 | ||
| 999 |
_c33116 _d33116 |
||